| 000 | 00515nam a2200193Ia 4500 | ||
|---|---|---|---|
| 001 | 39623 | ||
| 008 | 140423s9999 xx 000 0 und d | ||
| 020 | _a9780071261180 | ||
| 040 | _cPK-LaUMT | ||
| 082 |
_a 519.502465 _bBOW-B |
||
| 100 | _aBowerman, Bruce L. | ||
| 245 |
_aBusiness statistics in practice _cBowerman, Bruce L.<>O'Connell, Richard T. |
||
| 250 | _a4th | ||
| 260 |
_aNew York,USA: _bMcGraw-Hill, _c2007 |
||
| 300 |
_a881 p. _eCD |
||
| 546 | _aEN | ||
| 700 | _aO'Connell, Richard T. | ||
| 942 | _cBK | ||
| 999 |
_c38928 _d38928 |
||